000 00336nam a2200085Ia 4500
245 0 _aThe secret lives of teen girls : what your mother wouldn't talk about, but your daughter needs to know
100 _a Resh, Evelyn K., , 1959- Carlsbad, Calif., [c.2009] 1st ed
_985129
942 _cBK
008 210817s9999 xx 000 0 und d
999 _c316462
_d316461